<?xml version="1.0" encoding="UTF-8"?>
<record
    xmlns:xsi="http://www.w3.org/2001/XMLSchema-instance"
    xsi:schemaLocation="http://www.loc.gov/MARC21/slim http://www.loc.gov/standards/marcxml/schema/MARC21slim.xsd"
    xmlns="http://www.loc.gov/MARC21/slim">

  <leader>04295ngm a22005777a 4500</leader>
  <controlfield tag="006">a|||||s|||||00| 0 </controlfield>
  <controlfield tag="007">tz</controlfield>
  <controlfield tag="008">110613s2004    cau|||||s|||| 000 0 eng d</controlfield>
  <datafield tag="020" ind1=" " ind2=" ">
    <subfield code="a">079078422X</subfield>
  </datafield>
  <datafield tag="020" ind1=" " ind2=" ">
    <subfield code="a">9780790784229</subfield>
  </datafield>
  <datafield tag="040" ind1=" " ind2=" ">
    <subfield code="a">EG-ScBUE</subfield>
    <subfield code="c">EG-ScBUE</subfield>
  </datafield>
  <datafield tag="082" ind1="0" ind2="4">
    <subfield code="a">791.4372</subfield>
    <subfield code="b">WOR</subfield>
    <subfield code="2">22</subfield>
  </datafield>
  <datafield tag="245" ind1="0" ind2="0">
    <subfield code="a">Around the World in 80 Days</subfield>
    <subfield code="h">[videorecording] /</subfield>
    <subfield code="c">Warner Bros. presents; produced by Michael Todd; screenplay by James Poe, John Farrow and S.J. Perelman; directed by Michael Anderson   </subfield>
  </datafield>
  <datafield tag="246" ind1=" " ind2=" ">
    <subfield code="a">Around the World in Eighty Days</subfield>
  </datafield>
  <datafield tag="250" ind1=" " ind2=" ">
    <subfield code="a">Special ed.</subfield>
  </datafield>
  <datafield tag="260" ind1=" " ind2=" ">
    <subfield code="a">Burbank, CA : </subfield>
    <subfield code="b">Warner Home Video, 2004.</subfield>
    <subfield code="c">2004</subfield>
  </datafield>
  <datafield tag="300" ind1=" " ind2=" ">
    <subfield code="a">2 videodiscs (182 min.) :</subfield>
    <subfield code="b">sd., col. ;</subfield>
    <subfield code="c">4 3/4 in   </subfield>
  </datafield>
  <datafield tag="500" ind1=" " ind2=" ">
    <subfield code="a">Special features: introduction by Turner Classic Movies host Robert Osborne; feature length audio commentary by BBC radio's Brian Sibley documentary 'Around the World in 90 min.'; star-filled extravaganza commemorating the film's one-year anniversary; highlights of the March 27, 1957 academy awards ceremony; newsreels of the Los Angeles premiere and opening in Spain; outtakes; Georges Melies 'A trip to the moon'; stills gallery; theatrical trailers; enhanced features for you DVD-ROM PC: Michael Todd's 'Around the world in 80 days almanac'.</subfield>
  </datafield>
  <datafield tag="500" ind1=" " ind2=" ">
    <subfield code="a">Originally released as a motion picture in 1956.</subfield>
  </datafield>
  <datafield tag="500" ind1=" " ind2=" ">
    <subfield code="a">From the classic by Jules Verne</subfield>
  </datafield>
  <datafield tag="505" ind1=" " ind2=" ">
    <subfield code="a">Disc One [Part 1] (113 min.) 'A trip to the moon' Prologue --  How the Earth looks --  Reform Club --  Man for the job --  Wager --  Unpacking and packing --  Paris --  Bought: One balloon --  Aloft over France --  Spain --  Cave of the Seven Winds --  Achmed Abdullah's request --  Master bullfighter --  Passepartout triumphant --  Inspector Fix --  Fogg Fix-ation --  Bombay by dawn --  No place to fight a bull --  India countryside --  Via elephant --  Princess in distress --  Scandalous rescue --  Kindred spirits --  This, that and t'other --  Follow that ostrich --  Farewell drink --  Yokohama-bound --  Alone in Yokohama --  Circus reunion </subfield>
  </datafield>
  <datafield tag="505" ind1=" " ind2=" ">
    <subfield code="a">Disc Two [Part 2] (69 min.) Entr'Acte --  Latest news --  Frisco spectacle --  Star-spangled saloon --  Ornery specimen --  Way out West by train --  Redskins! --  Rescuing Passepartout --  Prairie sail car --  Disquieting information --  Henrietta --  Stripping the ship --  Arrested and freed --  Sympathetic spirits --  Saturday! --  Race to the club --  "The End" --  End credits --  Exit music</subfield>
  </datafield>
  <datafield tag="508" ind1=" " ind2=" ">
    <subfield code="a">Cinematographer, Lionel Lindon; film Editor, Gene Ruggiero and Paul Weatherwax; Music,Victor Young</subfield>
  </datafield>
  <datafield tag="511" ind1=" " ind2=" ">
    <subfield code="a"> David Niven, Shirley MacLaine, Robert Newton, Cantinflas.</subfield>
  </datafield>
  <datafield tag="520" ind1=" " ind2=" ">
    <subfield code="a">Adapted from the story by Jules Verne about a man's endeavor to circumnavigate the world in 80 days.   </subfield>
  </datafield>
  <datafield tag="521" ind1=" " ind2=" ">
    <subfield code="a">MPAA rating: G</subfield>
  </datafield>
  <datafield tag="538" ind1=" " ind2=" ">
    <subfield code="a">DVD; Region 1; Dolby Surround 5.1, stereo; presented in "letterbox" format preserving the aspect ratio of original widescreen theatrical presentation (2.20:1).</subfield>
  </datafield>
  <datafield tag="546" ind1=" " ind2=" ">
    <subfield code="a">Soundtrack in English or French; optional subtitles in English, French or Spanish; closed-captioned.</subfield>
  </datafield>
  <datafield tag="586" ind1=" " ind2=" ">
    <subfield code="a">5 Academy Awards, Best Picture - Best Cinematography - Best  Film Editing  - Best  Music, Scoring of a Dramatic or Comedy Picture - Best Writing, Best Screenplay, Adapted, 1956</subfield>
  </datafield>
  <datafield tag="650" ind1=" " ind2=" ">
    <subfield code="9">25115</subfield>
    <subfield code="a">Voyages around the world</subfield>
    <subfield code="v">Drama</subfield>
  </datafield>
  <datafield tag="650" ind1=" " ind2=" ">
    <subfield code="9">25116</subfield>
    <subfield code="a">Adventure and adventurers</subfield>
    <subfield code="v">Drama</subfield>
  </datafield>
  <datafield tag="653" ind1=" " ind2=" ">
    <subfield code="c">June2011</subfield>
  </datafield>
  <datafield tag="655" ind1=" " ind2=" ">
    <subfield code="a">Feature films</subfield>
  </datafield>
  <datafield tag="700" ind1=" " ind2=" ">
    <subfield code="9">25117</subfield>
    <subfield code="a">Poe, James</subfield>
    <subfield code="d">1923-1980</subfield>
    <subfield code="e">aus</subfield>
  </datafield>
  <datafield tag="700" ind1=" " ind2=" ">
    <subfield code="9">25118</subfield>
    <subfield code="a">Farrow, John</subfield>
    <subfield code="d">1904-1963</subfield>
    <subfield code="e">aus</subfield>
  </datafield>
  <datafield tag="700" ind1=" " ind2=" ">
    <subfield code="9">25119</subfield>
    <subfield code="a">Perelman, S. J. </subfield>
    <subfield code="d">1904-1979</subfield>
    <subfield code="e">aus</subfield>
    <subfield code="q">(Sidney Joseph)</subfield>
  </datafield>
  <datafield tag="700" ind1=" " ind2=" ">
    <subfield code="9">25015</subfield>
    <subfield code="a">Verne, Jules</subfield>
    <subfield code="d">1828-1905</subfield>
    <subfield code="t">Around the World in 80 Days</subfield>
  </datafield>
  <datafield tag="700" ind1=" " ind2=" ">
    <subfield code="9">25120</subfield>
    <subfield code="a">Anderson, Michael</subfield>
    <subfield code="d">1920-</subfield>
    <subfield code="e">drt</subfield>
  </datafield>
  <datafield tag="700" ind1=" " ind2=" ">
    <subfield code="9">25121</subfield>
    <subfield code="a">Todd, Michael</subfield>
    <subfield code="d">1909-1958.</subfield>
    <subfield code="e">pro</subfield>
  </datafield>
  <datafield tag="700" ind1=" " ind2=" ">
    <subfield code="9">25122</subfield>
    <subfield code="a">Lindon, Lionel</subfield>
    <subfield code="e">cng</subfield>
  </datafield>
  <datafield tag="700" ind1=" " ind2=" ">
    <subfield code="9">25123</subfield>
    <subfield code="a">Young, Victor</subfield>
    <subfield code="e">msd</subfield>
  </datafield>
  <datafield tag="700" ind1=" " ind2=" ">
    <subfield code="9">25124</subfield>
    <subfield code="a">Ruggiero, Gene </subfield>
    <subfield code="e">flm</subfield>
  </datafield>
  <datafield tag="700" ind1=" " ind2=" ">
    <subfield code="9">25125</subfield>
    <subfield code="a">Weatherwax, Paul</subfield>
    <subfield code="e">flm</subfield>
  </datafield>
  <datafield tag="700" ind1=" " ind2=" ">
    <subfield code="9">25126</subfield>
    <subfield code="a">Niven, David</subfield>
    <subfield code="d">1910-1983</subfield>
    <subfield code="e">act</subfield>
  </datafield>
  <datafield tag="700" ind1=" " ind2=" ">
    <subfield code="9">25127</subfield>
    <subfield code="a">MacLaine, Shirley</subfield>
    <subfield code="d">1934-</subfield>
    <subfield code="e">act</subfield>
  </datafield>
  <datafield tag="700" ind1=" " ind2=" ">
    <subfield code="9">25128</subfield>
    <subfield code="a">Newton, Robert</subfield>
    <subfield code="d">1905-1956</subfield>
    <subfield code="e">act</subfield>
  </datafield>
  <datafield tag="700" ind1=" " ind2=" ">
    <subfield code="9">25129</subfield>
    <subfield code="a">Cantinflas</subfield>
    <subfield code="d">1911- 1993</subfield>
    <subfield code="e">act</subfield>
  </datafield>
  <datafield tag="710" ind1=" " ind2=" ">
    <subfield code="9">25082</subfield>
    <subfield code="a">Warner Home Video (Firm)</subfield>
  </datafield>
  <datafield tag="710" ind1=" " ind2=" ">
    <subfield code="9">25130</subfield>
    <subfield code="a">Warner Bros.</subfield>
  </datafield>
  <datafield tag="942" ind1=" " ind2=" ">
    <subfield code="2">ddc</subfield>
    <subfield code="c">CDVDMOV</subfield>
  </datafield>
  <datafield tag="999" ind1=" " ind2=" ">
    <subfield code="c">15586</subfield>
    <subfield code="d">15586</subfield>
  </datafield>
  <datafield tag="952" ind1=" " ind2=" ">
    <subfield code="0">0</subfield>
    <subfield code="1">0</subfield>
    <subfield code="2">ddc</subfield>
    <subfield code="4">0</subfield>
    <subfield code="7">0</subfield>
    <subfield code="8">Baccah</subfield>
    <subfield code="a">MAIN</subfield>
    <subfield code="b">MAIN</subfield>
    <subfield code="c">2ND</subfield>
    <subfield code="d">2011-06-13</subfield>
    <subfield code="e">Purchase</subfield>
    <subfield code="g">208.00</subfield>
    <subfield code="h">12344</subfield>
    <subfield code="l">0</subfield>
    <subfield code="o">791.4372 WOR</subfield>
    <subfield code="p">000024128</subfield>
    <subfield code="r">2022-08-24 00:00:00</subfield>
    <subfield code="w">2011-06-13</subfield>
    <subfield code="y">CDVDMOV</subfield>
    <subfield code="z">2 DVDs</subfield>
  </datafield>
</record>
